000 00733nam a2200217 i 4500
001 164700
003 ES-MaACL
005 20250717103727.0
008 960311s1765 it |||| | lat d
040 _aCAM
_bspa
_cCAM
100 1 _aSandini, Antonio.
_9132406
245 1 0 _aHistoria apostolica ex antiquis monumentis collecta /
_copera et studio Antonii Sandini...
250 _aEditio quarta italica...
260 _aPatavii :
_btypis Seminarii, apud Joannem Manfré,
_c1765.
300 _a[20], 370 p. ;
_c8º.
596 _aMarca tip. en port.
597 _aSign.: a10, A-Y8, Z9.
650 0 7 _aHistoria sagrada
_2embne
_913427
852 _aES-MaACL
_jR-456
_z-- Enc. perg.
_x-- Olim: D-435
999 _c164700
_d164700